Every Country/Territory With Island in Its Name - Statistics

General Stats
  • This quiz has been taken 25 times
  • The average score is 14 of 23
Answer Stats
Location Belongs to Answer % Correct
Atlantic Ocean Denmark Faroe Islands
91%
Micronesia Independent Marshall Islands
91%
Polynesia Chile Easter Island
86%
Melanesia Independent Solomon Islands
86%
Indian Ocean Australia Christmas Island (Kiritimati)
82%
Caribbean (LA) U.K. British Virgin Islands
77%
Atlantic Ocean U.K. Falkland Islands
77%
Pacific Ocean Ecuador Galápagos Islands
77%
Caribbean (LA) U.S.A. U.S. Virgin Islands
77%
Caribbean (GA) U.K. Cayman Islands
73%
Polynesia New Zealand Cook Islands
68%
Baltic Sea Finland Åland (Islands)
59%
Indian Ocean Australia Cocos (Keeling) Islands
59%
Polynesia U.K. Pitcairn Islands
55%
Bay of Bengal India Andaman and Nicobar Islands
50%
Southern Ocean Norway Bouvet Island
45%
Atlantic Ocean U.K. Turks and Caicos Islands
45%
Melanesia Australia Norfolk Island
41%
Micronesia U.S.A. Northern Mariana Islands
36%
Atlantic Ocean U.K. South Georgia and the South Sandwich Islands
36%
Southern Ocean Australia Heard and McDonald Islands
18%
Pacific, Micronesia, Polynesia, Caribbean U.S.A. United States Minor Outlying Islands
18%
Pacific Ocean Chile Juan Fernández Islands
9%
No matching quizzes found
Score Distribution
Percent of People with Each Score
Percentile by Number Answered
Your Score History
You have not taken this quiz